000
00365nam a22001697a 4500
003
MPLRDC
005
20220104114544.0
008
210129b ||||| |||| 00| 0 eng d
082
_a
855 LZ*
100
_a
灵子著
245
_a
大陆见闻
_c
250
_a
初版
260
_a
_b
创垦出版社
_c
1954
300
_b
平
650
_a
942
_c
BK
_o
855 LZ*
999
_c
8400
_d
8390